Hamann, Ralph (Record no. 114856)

MARC details
000 -LEADER
fixed length control field 00299nam a2200109Ia 4500
082 ## - DEWEY DECIMAL CLASSIFICATION NUMBER
Classification number 338.9607 BUSI
020 ## - INTERNATIONAL STANDARD BOOK NUMBER
International Standard Book Number 9781868885275"
008 - FIXED-LENGTH DATA ELEMENTS--GENERAL INFORMATION
fixed length control field 210816s9999 xx 000 0 und d
100 ## - MAIN ENTRY--PERSONAL NAME
Personal name The bisiness of sustainable development in south africa
9 (RLIN) 30831
245 #0 - TITLE STATEMENT
Title Hamann, Ralph
942 ## - ADDED ENTRY ELEMENTS
item type Books
-- 561
-- John Tresidder
Holdings
Withdrawn status Lost status Damaged status Not for loan Home library Current library Date acquired Cost, normal purchase price Total Checkouts Barcode Date last seen Price effective from item type
        Masoyi Masoyi 17.08.2021 140.00   33228024439695 17.08.2021 17.08.2021 Books